[Event "Int. Stuttgarter Stadtmeisterschaft A"]
[Site "Ditzingen"]
[Date "2019.06.02"]
[Round "7.20"]
[White "HÃ¼ttig, Michael"]
[Black "Fischer, Daniel"]
[Result "1/2-1/2"]
[WhiteElo "2114"]
[BlackElo "2018"]
[PlyCount "80"]
[EventDate "2019.??.??"]
[WhiteTeam "SC Erdmannhausen"]
[BlackTeam "SVG Offenburg"]

1. Nf3 c5 2. g3 g6 3. Bg2 Bg7 4. O-O Nc6 5. Nc3 Rb8 6. e4 b5 7. a3 a5 8. Re1 b4
9. axb4 axb4 10. Nd5 e6 11. c3 Nge7 12. d4 exd5 13. exd5 O-O 14. dxc6 bxc3 15.
c7 Qxc7 16. Bf4 d6 17. dxc5 cxb2 18. Rb1 Nf5 19. cxd6 Qd7 20. g4 Nh6 21. h3 Rb4
22. Bxh6 Bxh6 23. Ne5 Qb5 24. Bc6 Qc5 25. d7 Bxd7 26. Qxd7 Rd4 27. Qb7 Rd2 28.
Bg2 Qxf2+ 29. Kh1 Bf4 30. Qf3 Bxe5 31. Qxf2 Rxf2 32. Rxe5 Rc8 33. Ree1 Rcc2 34.
Be4 Rcd2 35. Kg1 Kg7 36. Rbd1 Rfe2 37. Bf3 Rxd1 38. Rxd1 Rc2 39. Be4 Rc1 40.
Rf1 f5 1/2-1/2

[Event "Int. Stuttgarter Stadtmeisterschaft A"]
[Site "Ditzingen"]
[Date "2019.06.02"]
[Round "7.22"]
[White "Schädler, Jürgen"]
[Black "Gheng, Simona"]
[Result "1/2-1/2"]
[WhiteElo "2098"]
[BlackElo "1991"]
[PlyCount "23"]
[EventDate "2019.??.??"]
[WhiteTeam "SVG Konstanz"]
[BlackTeam "SF Deizisau"]

1. Nf3 d5 2. d4 Nf6 3. e3 b6 4. c4 e6 5. cxd5 exd5 6. Bb5+ c6 7. Be2 Bb4+ 8.
Nc3 O-O 9. O-O Bb7 10. Nd2 Nbd7 11. Qb3 Bd6 12. Bf3 1/2-1/2

[Event "Int. Stuttgarter Stadtmeisterschaft A"]
[Site "Ditzingen"]
[Date "2019.06.02"]
[Round "7.24"]
[White "Jerie, Sven"]
[Black "Scheynin, Julia"]
[Result "1/2-1/2"]
[WhiteElo "2060"]
[BlackElo "1972"]
[PlyCount "48"]
[EventDate "2019.??.??"]
[WhiteTeam "SG Ludwigsburg 1919"]
[BlackTeam "Karlsruher SF 1853"]

1. e4 e6 2. d4 d5 3. Nc3 Nf6 4. e5 Nfd7 5. f4 c5 6. Nf3 Nc6 7. Be3 a6 8. Qd2 b5
9. a3 cxd4 10. Nxd4 Bb7 11. Nxc6 Bxc6 12. Ne2 Nb6 13. Nd4 Be7 14. b3 Qc7 15.
Bd3 Bd7 16. O-O Nc8 17. Qf2 O-O 18. Qg3 f5 19. Qh3 Bc5 20. Kh1 Ne7 21. g4 g6
22. gxf5 gxf5 23. Nxf5 exf5 24. Bxc5 Qxc5 1/2-1/2

[Event "Int. Stuttgarter Stadtmeisterschaft A"]
[Site "Ditzingen"]
[Date "2019.06.02"]
[Round "7.25"]
[White "Petzold, Tristan"]
[Black "Sanati, Charlotte"]
[Result "1/2-1/2"]
[WhiteElo "1947"]
[BlackElo "2059"]
[PlyCount "100"]
[EventDate "2019.??.??"]
[WhiteTeam "MÃ¶nchfelder SV 1967"]
[BlackTeam "SG Trier"]

1. d4 d5 2. c4 c6 3. Nc3 Nf6 4. Nf3 e6 5. Bg5 Nbd7 6. cxd5 exd5 7. Qc2 Qa5 8.
Nd2 Bb4 9. e3 O-O 10. Bd3 Re8 11. O-O Bd6 12. Rfc1 Qc7 13. Nf1 a6 14. Rab1 h6
15. Bh4 b6 16. b4 Ra7 17. Bg3 Nf8 18. e4 Bxg3 19. Nxg3 Ne6 20. Nce2 dxe4 21.
Nxe4 Nxe4 22. Bxe4 Nf4 23. Ng3 Be6 24. Qxc6 Qxc6 25. Rxc6 Bxa2 26. Ra1 Bd5 27.
Bxd5 Nxd5 28. b5 a5 29. Rd6 Nb4 30. Rxb6 a4 31. Nf5 Nc2 32. Rc1 a3 33. Ne3 Nxd4
34. Ra1 a2 35. Ra6 Rxa6 36. bxa6 Ne2+ 37. Kf1 Nc3 38. Rc1 Ra8 39. Nc2 Rxa6 40.
Ke1 Nb1 41. Na1 Rb6 42. Rc2 Nc3 43. Rxc3 Rb1+ 44. Ke2 Rxa1 45. Ra3 Kf8 46. Kf3
Rh1 47. Rxa2 Rxh2 48. Ra8+ Ke7 49. Ra7+ Kf6 50. Ra6+ Ke7 1/2-1/2

[Event "Int. Stuttgarter Stadtmeisterschaft A"]
[Site "Ditzingen"]
[Date "2019.06.02"]
[Round "7.26"]
[White "Schallner, Marc"]
[Black "Mikeler, Marcel"]
[Result "1-0"]
[WhiteElo "2045"]
[BlackElo "1889"]
[PlyCount "73"]
[EventDate "2019.??.??"]
[WhiteTeam "SF 59 Kornwestheim"]
[BlackTeam "Heilbronner SV"]

1. e4 e5 2. Nf3 Nc6 3. Bc4 Bc5 4. d3 h6 5. c3 d6 6. d4 exd4 7. cxd4 Bb4+ 8. Bd2
Bxd2+ 9. Nbxd2 Nge7 10. O-O Ng6 11. Re1 O-O 12. h3 Qf6 13. Nf1 Nf4 14. Ne3 Qg6
15. Kh2 Na5 16. Bd3 c5 17. Bf1 cxd4 18. Nd5 Nxd5 19. exd5 b5 20. Nxd4 Nc4 21.
b3 Nb6 22. Bxb5 Qg5 23. Qf3 Bb7 24. Bc6 Rab8 25. Nf5 Nc8 26. Rac1 g6 27. Ng3
Bxc6 28. dxc6 d5 29. Qe3 Qxe3 30. Rxe3 Nb6 31. Ne2 Rbc8 32. Nd4 a6 33. Re7 Rfe8
34. Rb7 Rb8 35. Re1 Rf8 36. Ree7 Rxb7 37. cxb7 1-0

[Event "Int. Stuttgarter Stadtmeisterschaft A"]
[Site "Ditzingen"]
[Date "2019.06.02"]
[Round "7.27"]
[White "Steinhart, Christoph"]
[Black "Jakob, Georg"]
[Result "1/2-1/2"]
[WhiteElo "1972"]
[BlackElo "2002"]
[PlyCount "102"]
[EventDate "2019.??.??"]
[WhiteTeam "TSV SchÃ¶naich"]
[BlackTeam "SG KÃ¶nigskinder HohentÃ¼bingen e."]

1. e4 c5 2. c4 Nc6 3. Nc3 g6 4. g3 Bg7 5. Bg2 Nf6 6. Nge2 O-O 7. a3 a6 8. Rb1
b5 9. cxb5 axb5 10. Nxb5 Ba6 11. a4 Rb8 12. O-O Bxb5 13. axb5 Rxb5 14. d4 cxd4
15. Nxd4 Nxd4 16. Qxd4 Qb8 17. b4 d6 18. Bd2 Ng4 19. Qd3 Ne5 20. Qb3 Qb7 21.
Rfc1 Rb8 22. f3 d5 23. exd5 Qxd5 24. Qxd5 Rxd5 25. Be3 Rdb5 26. Bf1 Rxb4 27.
Rxb4 Rxb4 28. Rc8+ Bf8 29. Bh6 Nd7 30. Bh3 e6 31. Bf4 Kg7 32. Bf1 Bc5+ 33. Kg2
e5 34. Bg5 Bd4 35. Rc7 Nc5 36. Bc1 Ne6 37. Rc6 Rb6 38. Rxb6 Bxb6 39. Bc4 Nd4
40. g4 f5 41. gxf5 gxf5 42. Be3 Kf6 43. Bxd4 Bxd4 44. Bd5 Kg5 45. Kg3 Bc3 46.
h4+ Kh5 47. Bf7+ Kh6 48. Kf2 Bd4+ 49. Ke2 Kg7 50. Be8 Kf8 51. Bd7 f4 1/2-1/2

[Event "Int. Stuttgarter Stadtmeisterschaft A"]
[Site "Ditzingen"]
[Date "2019.06.02"]
[Round "7.28"]
[White "Scherer, Holger"]
[Black "ReichenbÃ¤cher, Thomas"]
[Result "1-0"]
[WhiteElo "2169"]
[BlackElo "1949"]
[PlyCount "179"]
[EventDate "2019.??.??"]
[WhiteTeam "SK Lauffen"]
[BlackTeam "SVG Konstanz"]

1. e4 c6 2. d4 d5 3. e5 c5 4. dxc5 Nc6 5. Bb5 Qa5+ 6. Nc3 e6 7. Nf3 Bxc5 8. O-O
Bd7 9. Bd2 Qc7 10. Bf4 Nge7 11. Re1 a6 12. Bd3 Ng6 13. Bg3 Nce7 14. h4 Bc6 15.
h5 Nf8 16. a3 Ba7 17. Qd2 h6 18. Ne2 Nd7 19. Ned4 Nc5 20. Qf4 Nxd3 21. cxd3 Qd7
22. Rac1 Rc8 23. b4 g5 24. hxg6 Nxg6 25. Qd2 h5 26. Bf4 Nxf4 27. Qxf4 Qe7 28.
Nxc6 bxc6 29. d4 h4 30. Kh2 Rh5 31. Re3 Rf5 32. Qg4 Kd7 33. Rec3 Bb8 34. Kg1 f6
35. Qxh4 Qg7 36. exf6 Rxf6 37. Ne5+ Bxe5 38. dxe5 Rh6 39. Qd4 Qh7 40. Kf1 Rh4
41. f4 Qf5 42. g3 Rh1+ 43. Kg2 Qh3+ 44. Kf3 Qh5+ 45. Ke3 Rh3 46. Rg1 Rh2 47.
Qa7+ Rc7 48. Qxa6 Rb2 49. Qf1 Qh2 50. Qe1 d4+ 51. Kxd4 Kc8 52. Kc4 Rd7 53. Qe3
Rd5 54. Re1 Kb7 55. f5 Rbd2 56. fxe6 R2d4+ 57. Kb3 Qh3 58. e7 Qe6 59. e8=Q Qxe8
60. e6 Rd6 61. Qe5 Qg6 62. b5 cxb5 63. Qc5 Qe8 64. Qc7+ Ka6 65. Qc8+ Qxc8 66.
Rxc8 Kb7 67. Rc3 Rd8 68. e7 Re8 69. Rf3 Rd7 70. Rfe3 Rd4 71. Rf1 Rd7 72. Rf7
Kc6 73. g4 Rd1 74. Rf8 Kd7 75. Rf5 Rxe7 76. Rxe7+ Kxe7 77. Rxb5 Rb1+ 78. Kc4
Rg1 79. g5 Kd7 80. a4 Ke6 81. Kc5 Rc1+ 82. Kd4 Ra1 83. a5 Ra4+ 84. Ke3 Kd7 85.
g6 Ke6 86. Rb6+ Ke5 87. Rb5+ Kf6 88. Rb6+ Kg7 89. a6 Kh6 90. Kd3 1-0

[Event "Int. Stuttgarter Stadtmeisterschaft A"]
[Site "Ditzingen"]
[Date "2019.06.02"]
[Round "7.29"]
[White "Sieker, Roland"]
[Black "Giemsa, Alexander"]
[Result "1-0"]
[WhiteElo "2055"]
[BlackElo "1890"]
[PlyCount "67"]
[EventDate "2019.??.??"]
[WhiteTeam "MÃ¶nchfelder SV 1967"]
[BlackTeam "SC Magstadt"]

1. d4 e5 2. dxe5 Nc6 3. Nf3 Qe7 4. Bf4 Qb4+ 5. Bd2 Qxb2 6. Nc3 Nb4 7. Nd4 c5 8.
Rb1 Qa3 9. Ndb5 Qa5 10. Nd5 Kd8 11. e4 a6 12. Nbc3 Ne7 13. Bc4 b5 14. Bb3 Nec6
15. a3 Qxa3 16. Bc1 Qa5 17. Bg5+ Be7 18. Bxe7+ Nxe7 19. Ra1 Nbxd5 20. Rxa5 Nxc3
21. Qf3 b4 22. Qxf7 Bb7 23. Qxg7 Ng6 24. Qf6+ Kc7 25. Qd6+ Kd8 26. Qb6+ Kc8 27.
Rxc5+ Kb8 28. Qxb4 Nxe4 29. Ra5 Ka7 30. Bd5 Bxd5 31. Rxd5 Rab8 32. Rxd7+ Ka8
33. Qxe4+ Rb7 34. Qxb7# 1-0

[Event "Int. Stuttgarter Stadtmeisterschaft A"]
[Site "Ditzingen"]
[Date "2019.06.02"]
[Round "7.30"]
[White "Denk, Jürgen"]
[Black "Wezel, Sebastian"]
[Result "1-0"]
[WhiteElo "2028"]
[BlackElo "1919"]
[PlyCount "37"]
[EventDate "2019.??.??"]
[WhiteTeam "SC Leinzell"]
[BlackTeam "SV Dettingen Erms"]

1. d4 Nf6 2. g3 c5 3. dxc5 e6 4. c4 Bxc5 5. Bg2 O-O 6. e3 d5 7. Ne2 Nc6 8. O-O
dxc4 9. Qc2 Qd3 10. Qxd3 cxd3 11. Nf4 Nb4 12. a3 Nc2 13. Ra2 Rd8 14. b4 Bb6 15.
Rd1 e5 16. Nxd3 Nxb4 17. axb4 e4 18. Nb2 Be6 19. Ra1 1-0

[Event "Int. Stuttgarter Stadtmeisterschaft A"]
[Site "Ditzingen"]
[Date "2019.06.02"]
[Round "7.31"]
[White "Schulte, Torsten"]
[Black "Kreyer, Steve"]
[Result "1-0"]
[WhiteElo "2023"]
[BlackElo "1792"]
[PlyCount "66"]
[EventDate "2019.??.??"]
[WhiteTeam "SC Böblingen 1975 e.V."]
[BlackTeam "SC Feuerbach"]

1. d4 d5 2. c4 c6 3. Nf3 Nf6 4. Nc3 dxc4 5. a4 Bf5 6. Ne5 e6 7. f3 h6 8. e4 Bh7
9. Bxc4 Nbd7 10. Nxd7 Qxd7 11. O-O Be7 12. Be3 O-O 13. Qe2 Rfd8 14. Rad1 Qc7
15. Qf2 Rac8 16. Rd2 Kh8 17. Rfd1 Bb4 18. Qh4 Qe7 19. Bb3 c5 20. dxc5 Rxd2 21.
Rxd2 Bxc5 22. Qf2 g5 23. Bxc5 Qxc5 24. Rd8+ Kg7 25. Rxc8 Qxc8 26. Qxa7 Qd7 27.
Qe3 Nh5 28. Ne2 f5 29. exf5 exf5 30. Qe5+ Nf6 31. Nd4 Qe8 32. Ne6+ Kg6 33. g4
fxg4 1-0

[Event "Int. Stuttgarter Stadtmeisterschaft A"]
[Site "Ditzingen"]
[Date "2019.06.02"]
[Round "7.33"]
[White "Wirth, Steffen"]
[Black "Hoeschele, Hans-Ulrich"]
[Result "1/2-1/2"]
[WhiteElo "1842"]
[BlackElo "1983"]
[PlyCount "55"]
[EventDate "2019.??.??"]
[WhiteTeam "SSV Zuffenhausen"]
[BlackTeam "Stuttgarter SF 1879"]

1. d4 d5 2. Nf3 e6 3. e3 c5 4. c3 Nf6 5. Bd3 Nc6 6. Nbd2 a6 7. O-O Be7 8. dxc5
Bxc5 9. b4 Bd6 10. Bb2 Qc7 11. a3 Bd7 12. c4 Be5 13. Qc2 Rc8 14. b5 Bxb2 15.
Qxb2 axb5 16. cxb5 Ne7 17. Rfc1 Qd6 18. a4 O-O 19. a5 Rxc1+ 20. Rxc1 Ra8 21.
Ra1 b6 22. a6 Nc8 23. Rc1 Na7 24. Ne5 Be8 25. h3 h6 26. Nc6 Nc8 27. Nf3 Nd7 28.
Nfe5 1/2-1/2

[Event "Int. Stuttgarter Stadtmeisterschaft A"]
[Site "Ditzingen"]
[Date "2019.06.02"]
[Round "7.34"]
[White "Pudmensky, Stefan"]
[Black "Lahouel, Kim-Luca"]
[Result "0-1"]
[WhiteElo "1819"]
[BlackElo "1974"]
[PlyCount "95"]
[EventDate "2019.??.??"]
[WhiteTeam "SK Lauffen"]
[BlackTeam "Heilbronner SV"]

1. d4 d5 2. c4 c6 3. e3 e6 4. Nf3 Nf6 5. Bd3 Be7 6. Nc3 O-O 7. O-O a6 8. Bd2
Nbd7 9. h3 dxc4 10. Bxc4 b5 11. Bd3 Bb7 12. Ng5 c5 13. Bc2 Qb6 14. dxc5 Nxc5
15. b4 Ncd7 16. a3 Rfd8 17. Nf3 Rac8 18. Bb3 Bd6 19. Qe2 Bb8 20. Rac1 Qd6 21.
e4 Ne5 22. Nxe5 Qxd2 23. Qxd2 Rxd2 24. Nb1 Rdd8 25. Rxc8 Rxc8 26. Nd3 Nxe4 27.
Rc1 Rxc1+ 28. Nxc1 Kf8 29. Bc2 Ba7 30. Bxe4 Bxe4 31. Nc3 Bc2 32. Kf1 Bd4 33.
N1e2 Bd3 34. Nd1 Ke7 35. Ke1 Bxe2 36. Kxe2 Kd6 37. Ne3 Bxe3 38. Kxe3 Kd5 39.
Kd3 e5 40. f3 f5 41. g4 e4+ 42. fxe4+ fxe4+ 43. Ke3 g5 44. Ke2 Kd4 45. Kd2 e3+
46. Ke2 Ke4 47. Kf1 Kf3 48. Ke1 0-1

[Event "Int. Stuttgarter Stadtmeisterschaft A"]
[Site "Ditzingen"]
[Date "2019.06.02"]
[Round "7.35"]
[White "Pfitzer, Norbert"]
[Black "Ohler, Julius"]
[Result "1-0"]
[WhiteElo "2047"]
[BlackElo "1837"]
[PlyCount "67"]
[EventDate "2019.??.??"]
[WhiteTeam "SV Backnang"]
[BlackTeam "SG Trier"]

1. Nf3 d5 2. d4 Nf6 3. g3 e6 4. Bg2 Be7 5. O-O O-O 6. c4 b6 7. Nc3 Bb7 8. Ne5
Nbd7 9. Qa4 Nxe5 10. dxe5 Nd7 11. cxd5 exd5 12. Nxd5 Nc5 13. Qd1 c6 14. Nxe7+
Qxe7 15. f4 Rad8 16. Qc2 Ne6 17. Be3 c5 18. Bxb7 Qxb7 19. Rad1 Qa6 20. f5 Nd4
21. Bxd4 Rxd4 22. Rxd4 cxd4 23. a3 Qb7 24. Rf4 Rc8 25. Rxd4 h6 26. Qd2 Kh7 27.
f6 g6 28. e6 Qc6 29. e7 Qxf6 30. Rd8 Qf5 31. e8=Q Qb1+ 32. Kf2 Rxd8 33. Qxf7+
Kh8 34. Qxd8# 1-0

[Event "Int. Stuttgarter Stadtmeisterschaft A"]
[Site "Ditzingen"]
[Date "2019.06.02"]
[Round "7.36"]
[White "Afonso, Nils"]
[Black "Christ, Marcel"]
[Result "0-1"]
[WhiteElo "1927"]
[BlackElo "1836"]
[PlyCount "130"]
[EventDate "2019.??.??"]
[WhiteTeam "SF 59 Kornwestheim"]
[BlackTeam "SC Ingersheim e.V."]

1. d4 Nf6 2. c4 g6 3. Nc3 d5 4. Nf3 Bg7 5. Bf4 O-O 6. e3 c5 7. dxc5 Qa5 8. Rc1
dxc4 9. Bxc4 Rd8 10. Qe2 Ne4 11. Be5 Nc6 12. Bxg7 Kxg7 13. O-O Nxc5 14. a3 Ne6
15. Rfd1 Ne5 16. Nxe5 Qxe5 17. Nd5 Kf8 18. Ba2 b6 19. f4 Qg7 20. Nb4 Bd7 21.
Qf3 Nc5 22. Na6 Qxb2 23. Nxc5 bxc5 24. Rxc5 Qxa2 25. Rxd7 Rxd7 26. Qxa8+ Kg7
27. Qf3 Qa1+ 28. Kf2 Qxa3 29. Rc2 Qd3 30. Ra2 Rc7 31. Kg3 Qb3 32. Re2 f5 33.
Qf1 a5 34. Qa1+ Qc3 35. Qa4 Qb4 36. Qa1+ Kf7 37. Ra2 Qe4 38. Ra3 Rc2 39. Qf1
Qb4 40. Ra1 Qc3 41. Kf3 a4 42. g4 fxg4+ 43. Kxg4 Qxe3 44. Rxa4 Rf2 45. Qc4+ Kg7
46. Qe4 Qc5 47. h3 Rf1 48. Qd4+ Qxd4 49. Rxd4 Rg1+ 50. Kh4 Kf6 51. Rd5 Rf1 52.
Kg3 e6 53. Ra5 Rd1 54. Rb5 Rd3+ 55. Kg2 h5 56. h4 Rd5 57. Rb4 Kf5 58. Ra4 Kg4
59. Ra6 Rd2+ 60. Kf1 Kf5 61. Kg1 Rd4 62. Ra5+ Kxf4 63. Rg5 Kf3 64. Rxg6 Rg4+
65. Rxg4 Kxg4 0-1

[Event "Int. Stuttgarter Stadtmeisterschaft A"]
[Site "Ditzingen"]
[Date "2019.06.02"]
[Round "7.37"]
[White "Potapov, Aleksey"]
[Black "Schmidt, Markus"]
[Result "1-0"]
[WhiteElo "1925"]
[BlackElo "1761"]
[PlyCount "70"]
[EventDate "2019.??.??"]
[WhiteTeam "Stuttgarter SF 1879"]
[BlackTeam "Stuttgarter SF 1879"]

1. e4 c5 2. Nc3 d6 3. g3 g6 4. Bg2 Bg7 5. d3 Nc6 6. f4 e6 7. Nh3 Nge7 8. O-O
Bd7 9. Bd2 a6 10. Rb1 Rb8 11. a3 b5 12. b4 Qb6 13. Kh1 Rc8 14. Ne2 cxb4 15.
axb4 O-O 16. g4 f5 17. Ng3 Qc7 18. c3 Nd8 19. gxf5 exf5 20. Ra1 Qb6 21. Qb3+
Kh8 22. Qa3 Nf7 23. Qxa6 Qxa6 24. Rxa6 Bxc3 25. Bxc3+ Rxc3 26. Ra7 Rd8 27. exf5
Nxf5 28. Nxf5 gxf5 29. Re1 Nh6 30. Ng5 Rxd3 31. h3 Be8 32. Rxh7+ Kg8 33. Rxh6
d5 34. Re7 Kf8 35. Rhh7 Rd6 1-0

[Event "Int. Stuttgarter Stadtmeisterschaft A"]
[Site "Ditzingen"]
[Date "2019.06.02"]
[Round "7.38"]
[White "Kobald, Jacqueline"]
[Black "Harig, Alexander"]
[Result "1/2-1/2"]
[WhiteElo "1839"]
[BlackElo "2076"]
[PlyCount "64"]
[EventDate "2019.??.??"]
[WhiteTeam "SV Stuttgart-Wolfbusch 1956 e.V."]
[BlackTeam "SK Schweich"]

1. e4 d6 2. d4 Nf6 3. Nc3 Nbd7 4. Nf3 e5 5. Bc4 Be7 6. O-O h6 7. Bb3 c6 8. a4
g5 9. dxe5 dxe5 10. Qe2 Qc7 11. Rd1 Nf8 12. Be3 Ng6 13. Nd2 Nf4 14. Bxf4 gxf4
15. h3 Rg8 16. Kh1 Rg7 17. Bc4 Kf8 18. Nf3 Kg8 19. Rab1 a5 20. Rd3 Bd7 21. Nh4
Kh7 22. Nf5 Bxf5 23. exf5 Qb6 24. Bb3 Rag8 25. Rg1 Qc5 26. Ne4 Nxe4 27. Qxe4
Bf6 28. Rd7 Qxf2 29. Rxf7 f3 30. Qxf3 Qxf3 31. gxf3 Rxf7 32. Bxf7 Rxg1+ 1/2-1/2

[Event "Int. Stuttgarter Stadtmeisterschaft A"]
[Site "Ditzingen"]
[Date "2019.06.02"]
[Round "7.39"]
[White "Dreyer, Andre"]
[Black "Dölker, Kai"]
[Result "0-1"]
[WhiteElo "1938"]
[BlackElo "1927"]
[PlyCount "62"]
[EventDate "2019.??.??"]
[WhiteTeam "SV Stockenhausen-Frommern"]
[BlackTeam "SV Stuttgart-Wolfbusch 1956 e.V."]

1. d4 Nf6 2. c4 e6 3. Nc3 Bb4 4. Bg5 Bxc3+ 5. bxc3 d5 6. cxd5 exd5 7. Nf3 O-O
8. e3 c6 9. Qb3 Nbd7 10. Be2 Qa5 11. O-O Ne4 12. Qb4 Qxb4 13. cxb4 a6 14. a4
Nb6 15. Rfc1 Bg4 16. Bf4 Rfc8 17. h3 Bh5 18. g4 Bg6 19. Ne5 f6 20. Nxg6 hxg6
21. a5 Nd7 22. f3 Ng5 23. Bxg5 fxg5 24. Rc3 Re8 25. Kf2 Re7 26. Bd3 Kh7 27. Rh1
Rf8 28. Be2 Nf6 29. Kg3 Rfe8 30. Kf2 Rf8 31. Bd1 Ne4+ 0-1

[Event "Int. Stuttgarter Stadtmeisterschaft A"]
[Site "Ditzingen"]
[Date "2019.06.02"]
[Round "7.40"]
[White "Kemper, Yannick"]
[Black "Pfeifer, Wilfried"]
[Result "0-1"]
[WhiteElo "1856"]
[BlackElo "1935"]
[PlyCount "118"]
[EventDate "2019.??.??"]
[WhiteTeam "SK 1912 Ludwigshafen"]
[BlackTeam "TSF Ditzingen"]

1. e4 c6 2. d4 d5 3. Nc3 dxe4 4. Nxe4 Bf5 5. Ng3 Bg6 6. h4 h6 7. Nf3 Nd7 8. h5
Bh7 9. Bd3 Bxd3 10. Qxd3 e6 11. Bd2 Ngf6 12. O-O-O Be7 13. Qe2 O-O 14. Nf1 c5
15. g4 cxd4 16. g5 Nd5 17. gxh6 Qb6 18. Qd3 Nc5 19. Qxd4 Bf6 20. hxg7 Rfd8 21.
h6 Bxd4 22. h7+ Kxg7 23. Bh6+ Kxh7 24. Rxd4 e5 25. Rdh4 Kg6 26. Rg4+ Kf6 27.
Ng3 Rg8 28. Nh5+ Ke7 29. Ng7 f6 30. Rgh4 Ne6 31. Nf5+ Kd7 32. Rd1 Kc6 33. Rc4+
Nc5 34. Bd2 a5 35. a3 Qb5 36. Rh4 Nb6 37. Be3 Rad8 38. Ne7+ Kc7 39. Nxg8 Rxg8
40. Rh7+ Ncd7 41. Bxb6+ Kxb6 42. Rhxd7 Rc8 43. R7d6+ Rc6 44. R6d5 Qe2 45. Nd2
Qxf2 46. c3 a4 47. Kb1 Qg2 48. Nf1 Qe4+ 49. Ka1 f5 50. Ng3 Qg4 51. Nf1 f4 52.
Re1 Re6 53. Nd2 Kc6 54. Rd3 Rd6 55. Rxd6+ Kxd6 56. Ne4+ Kc6 57. c4 f3 58. Nd2
f2 59. Rf1 Qe2 0-1

[Event "Int. Stuttgarter Stadtmeisterschaft A"]
[Site "Ditzingen"]
[Date "2019.06.02"]
[Round "7.41"]
[White "Hardt, Anton"]
[Black "Jaster, Dirk"]
[Result "0-1"]
[WhiteElo "1816"]
[BlackElo "1863"]
[PlyCount "108"]
[EventDate "2019.??.??"]
[WhiteTeam "SK Mannheim-Lindenhof 1865"]
[BlackTeam "SC Feuerbach e. V."]

1. e4 e6 2. d4 d5 3. Nc3 Nf6 4. e5 Nfd7 5. f4 c5 6. Nf3 cxd4 7. Nxd4 Nc6 8. Be3
Qb6 9. Qd2 Qd8 10. Bd3 a6 11. O-O Nxd4 12. Bxd4 Bc5 13. Ne2 O-O 14. c3 f6 15.
exf6 Rxf6 16. Qe3 Qf8 17. b4 Bxd4 18. Nxd4 Nb8 19. g4 Qd6 20. g5 Rf8 21. Bxh7+
Kxh7 22. Qh3+ Kg6 23. Nf3 Rxf4 24. Nh4+ Kxg5 25. Rxf4 Qxf4 26. Nf3+ Kf6 27. Rf1
Qe3+ 28. Kh1 Qe4 29. Kg1 Ke7 30. Qg3 g6 31. Ne5 Nd7 32. Rf7+ Kd8 33. Qg5+ Kc7
34. Nxd7 Bxd7 35. Qe7 Qe3+ 36. Kg2 Rd8 37. Qf6 Qe4+ 38. Kg1 Qf5 39. Qe7 Qg4+
40. Kf2 g5 41. a4 Qh4+ 42. Kg2 Qe4+ 43. Kg1 Qe1+ 44. Kg2 Qd2+ 45. Kg1 Qe3+ 46.
Kg2 b5 47. Qf6 g4 48. Qg7 Kc8 49. Kf1 Qh3+ 50. Kg1 Qe3+ 51. Kg2 d4 52. cxd4
Qh3+ 53. Kg1 Qh8 54. Qg5 Qxd4+ 0-1